000
00303nam a22001337a 4500
008
180806b xxu||||| |||| 00| 0 eng d
082
_a
813.52
245
_a
Microsoft office for teacher
_c
FEWELL.P.J
260
_c
2006
300
_a
1
_f
CD
440
_x
0131193767
760
_b
2 nd
942
_2
ddc
_c
MX
999
_c
46867
_d
46867